A [QUINIENTOS] 500 AÑOS... AMERICA LATINA DE DESCUBRE A SI MISMA JORNADAS DE REFLEXION (Registro nro. 23088)
[ vista simple ]
| 000 -LEADER | |
|---|---|
| fixed length control field | 00535nam a2200181 a 4500 |
| 001 - CONTROL NUMBER | |
| control field | 23088 |
| 005 - DATE AND TIME OF LATEST TRANSACTION | |
| control field | 20180713221112.0 |
| 008 - FIXED-LENGTH DATA ELEMENTS--GENERAL INFORMATION | |
| fixed length control field | 140415s1993 ag 000 0 spa d |
| 020 ## - INTERNATIONAL STANDARD BOOK NUMBER | |
| International Standard Book Number | 950390220 |
| 041 ## - LANGUAGE CODE | |
| Language code of text/sound track or separate title | spa |
| 082 ## - DEWEY DECIMAL CLASSIFICATION NUMBER | |
| Classification number | 199 |
| Item number | AQU |
| 245 02 - TITLE STATEMENT | |
| Title | A [QUINIENTOS] 500 AÑOS... AMERICA LATINA DE DESCUBRE A SI MISMA JORNADAS DE REFLEXION |
| 250 ## - EDITION STATEMENT | |
| Edition statement | 1a ed. |
| 260 ## - PUBLICATION, DISTRIBUTION, ETC. | |
| Place of publication, distribution, etc. | ARGENTINA : |
| Name of publisher, distributor, etc. | EDIUNC, |
| Date of publication, distribution, etc. | 1993 |
| 300 ## - PHYSICAL DESCRIPTION | |
| Extent | 191 |
| 490 ## - SERIES STATEMENT | |
| Series statement | SERIE AMERICA LATINA |
| Volume/sequential designation | 3 |
| 650 14 - SUBJECT ADDED ENTRY--TOPICAL TERM | |
| Topical term or geographic name entry element | AMERICA LATINA |
| General subdivision | FILOSOFIA |
| -- | AMERICA LATINA |
| Withdrawn status | Lost status | Source of classification or shelving scheme | Damaged status | Not for loan | Collection code | Home library | Current library | Shelving location | Date acquired | Source of acquisition | Inventory number | Total Checkouts | Full call number | Barcode | Date last seen | Price effective from | Koha item type |
|---|---|---|---|---|---|---|---|---|---|---|---|---|---|---|---|---|---|
| Dewey Decimal Classification | General | Biblioteca Karol Wojtyla | Biblioteca Karol Wojtyla | Sala general | 03/12/2013 | Compra | 151000000000000000062494 | 199 AQU | 43840 | 05/01/2026 | 03/12/2013 | Libro |